Missing Word: Songs of the Outdoors Quiz Stats

 Plays Quiz Updated Sep 28, 2017

Challenge
Share
Tweet
Embed
Score 0/20 Timer 04:00
0 Plays Today
Hint Word % Correct
Born to Be _____Wild
98.9%
Candle in the _____Wind
98.4%
Ain't No _____ High EnoughMountain
96.6%
I _____ the LineWalk
92.6%
Hungry Like the _____Wolf
87.2%
The Sounds of _____Silence
86.6%
(You Make Me Feel Like) A _____ WomanNatural
85%
You've _____ That Lovin' FeelinLost
84.1%
It's Not Easy Bein' _____Green
83.5%
_____ on a WireBird
82%
Hint Word % Correct
The Real Slim _____Shady
80.5%
Purple _____Haze
77.1%
_____ on My ShouldersSunshine
63.1%
Where Have All the _____ Gone?Flowers
57.6%
White _____Rabbit
56.5%
Take Me to the _____River
56.1%
Fake Plastic _____Trees
39.7%
Don't _____ on MeTread
33.3%
_____ of FireLake
14.3%
Little Black _____Backpack
8%

Today's Daily Dose

You're not logged in!

Compare scores with friends on all Sporcle quizzes.
OR
Log In

You Might Also Like...

Show Comments

Extras

Top Quizzes Today


Score Distribution

Your Account Isn't Verified!

In order to create a playlist on Sporcle, you need to verify the email address you used during registration. Go to your Sporcle Settings to finish the process.

Report this User

Report this user for behavior that violates our Community Guidelines.

Details: